000 01373cam a22003617a 4500
003 CHAP
005 20220329142330.0
008 000731d2000 mx r 00110 spa d
010 _a81881
011 _a82853
035 _a93358
040 _cCHAP
090 _aTesis
100 0 0 _aBanda Arrieta, José Samuel.
_99930
245 1 3 _aLa política agropecuaria durante la administración pública federal 1995-2000 :
_buna presentación integral
_c/por José Samuel Banda Arrieta y Norma Martínez Zepeda
260 _aChapingo, Méx. :
_bEl autor,
_c2000.
300 _a133 h.
502 _aTesis (Lic. en Comercio Internacional de Productos Agropecuarios) -- UACH. División de Ciencias Económico Administrativas
590 _aALEPH
_b10
_c20130110
_lUCH01
_h1436
590 _aBATCH-UPD
_b10
_c20130110
_lUCH01
_h0631
590 _aBATCH-UPD
_b10
_c20130410
_lUCH01
_h0315
590 _aBATCH-UPD
_b10
_c20130914
_lUCH01
_h1147
590 _aCONVERSION
_b10
_c20130109
_lUCH01
_h1345
650 1 4 _aDesarrollo de la comunidad rural
_zMéxico.
_932040
650 1 4 _aDesarrollo rural.
_932067
650 1 4 _aPolítica agrícola.
_990283
700 0 _aMartínez Zepeda, Norma.
_972654
901 _aBK
905 _aAlejandra Carrasco M.
942 _cFOLL
949 _bBC
_cTES
_d33724000776100
_eTS2
_fc.2
_h36692
_i93358
_si
949 _bBC
_cTES
_d933581
_eTS1
_h36691
_i93358
_sb
999 _c81881
_d81881